[Event "Montigny le Bretonneux Noel op 08th"]
[Site "Montigny le Bretonneux"]
[Date "2005.12.27"]
[Round "3"]
[White "Etrog, Jonathan"]
[Black "Takahashi, Kiyoshi"]
[Result "1-0"]
[WhiteElo "2080"]
[BlackElo "1850"]
[PlyCount "45"]
[EventDate "2005.12.26"]
[EventType "swiss"]
[EventRounds "7"]
[EventCountry "FRA"]
[SourceTitle "CBM 110 Extra"]
[Source "ChessBase"]
[SourceDate "2006.03.10"]
[SourceVersion "2"]
[SourceVersionDate "2006.03.10"]
[SourceQuality "1"]

1. c4 e5 2. g3 f5 3. Bg2 Nc6 4. Nc3 Nf6 5. a3 d6 6. d3 Be7 7. b4 0-0 8. b5 Nd4 9. e3 Ne6 10. Nge2 Re8 11. e4 Nc5 12. Be3 fxe4 13. dxe4 Ne6 14. h3 b6 15. f4 Bb7 16. 0-0 Nd7 17. Nd5 Bxd5 18. Qxd5 Bf8 19. fxe5 Nxe5 20. Nd4 Qd7 21. Rf5 Rad8 22. Bg5 Kh8 23. Nxe6 1-0

[Event "Montigny le Bretonneux Noel op 07th"]
[Site "Montigny le Bretonneux"]
[Date "2004.12.31"]
[Round "7"]
[White "Richet, Clement"]
[Black "Takahashi, Kiyoshi"]
[Result "1/2-1/2"]
[WhiteElo "1900"]
[BlackElo "1599"]
[PlyCount "38"]
[EventDate "2004.12.??"]
[EventType "swiss"]
[EventRounds "7"]
[EventCountry "FRA"]
[SourceTitle "EXT 2006"]
[Source "ChessBase"]
[SourceDate "2005.11.24"]
[SourceVersion "1"]
[SourceVersionDate "2005.11.24"]
[SourceQuality "1"]

1. e4 e5 2. Nf3 Nc6 3. Bb5 f5 4. Nc3 Nf6 5. Qe2 d6 6. 0-0 Be7 7. d4 0-0 8. Bxc6 bxc6 9. dxe5 Nxe4 10. Nxe4 fxe4 11. Qxe4 d5 12. Qa4 c5 13. h3 Bxh3 14. gxh3 Rxf3 15. Qg4 Qf8 16. Kg2 Rf5 17. f4 Qf7 18. Bd2 Rf8 19. h4 d4 1/2-1/2

[Event "Montigny le Bretonneux Noel op 07th"]
[Site "Montigny le Bretonneux"]
[Date "2004.12.30"]
[Round "6"]
[White "Takahashi, Kiyoshi"]
[Black "Laurent, Dominique"]
[Result "0-1"]
[WhiteElo "1599"]
[BlackElo "2007"]
[PlyCount "40"]
[EventDate "2004.12.??"]
[EventType "swiss"]
[EventRounds "7"]
[EventCountry "FRA"]
[SourceTitle "EXT 2006"]
[Source "ChessBase"]
[SourceDate "2005.11.24"]
[SourceVersion "1"]
[SourceVersionDate "2005.11.24"]
[SourceQuality "1"]

1. e4 c5 2. Nf3 d6 3. Bc4 Nf6 4. e5 dxe5 5. Nxe5 e6 6. Bb5+ Nbd7 7. Qf3 Qc7 8. Bxd7+ Bxd7 9. Nxd7 Nxd7 10. d3 Bd6 11. Nc3 0-0 12. Bd2 Be5 13. 0-0-0 Nf6 14. g3 Qa5 15. Kb1 b5 16. Ne4 b4 17. Nxf6+ Bxf6 18. Qe4 Rab8 19. g4 Rb6 20. b3 Qxa2+ 0-1

[Event "Montigny le Bretonneux Noel op 07th"]
[Site "Montigny le Bretonneux"]
[Date "2004.12.27"]
[Round "3"]
[White "Hedjazian, Farhad"]
[Black "Takahashi, Kiyoshi"]
[Result "0-1"]
[WhiteElo "1650"]
[BlackElo "1599"]
[PlyCount "86"]
[EventDate "2004.12.??"]
[EventType "swiss"]
[EventRounds "7"]
[EventCountry "FRA"]
[SourceTitle "EXT 2006"]
[Source "ChessBase"]
[SourceDate "2005.11.24"]
[SourceVersion "1"]
[SourceVersionDate "2005.11.24"]
[SourceQuality "1"]

1. e4 e5 2. Nf3 Nc6 3. Bc4 Be7 4. d4 exd4 5. Nxd4 Ne5 6. Bb3 d6 7. 0-0 Nf6 8. f4 Ned7 9. Nc3 0-0 10. Qf3 Nc5 11. Be3 Bg4 12. Qg3 h5 13. e5 Nfd7 14. Bf2 dxe5 15. fxe5 Nxb3 16. axb3 Bc5 17. h3 Bxd4 18. Bxd4 Be6 19. Ne4 b6 20. Nf6+ Nxf6 21. exf6 Qxd4+ 22. Kh1 g6 23. c3 Qd6 24. Qg5 Kh7 25. Rf4 Qd2 26. Raf1 Rad8 27. R1f2 Qc1+ 28. Kh2 Rd5 29. Qg3 Rfd8 30. Rh4 Qg5 31. Qxg5 Rxg5 32. c4 c5 33. Re4 Rf5 34. Rxf5 gxf5 35. Re3 Rd2 36. Rg3 Rxb2 37. Rg7+ Kh6 38. h4 a5 39. Kg3 Rxb3+ 40. Kf4 a4 41. Rg8 a3 42. Ke5 Re3+ 43. Kd6 Bxc4 0-1